00489nam a2200193 a 4500001001300000003000900013005001700022008004100039020000800080082001500088100002300103245002900126260003000155300000800185500003500193505001700228650002700245700002300272nice12345678IN_TiNIC20260116011327.0050524s1951 leia grp 000 0 eng  ac000a070.1bSCH aSchneider, Maarten aNetherlands Press To-Day aLeidenbE. J. Brillc1951 a47p aincludes index and biblioraphy2 aBibliography aJournalism-Netherlands1 aSchneider, Maarten